[Event "Xtracon Open 2019"]
[Site "Helsingor"]
[Date "2019.07.27"]
[Round "9.10"]
[White "Jorgensen, Dennis"]
[Black "Lauritsen, Niels"]
[Result "1/2-1/2"]
[WhiteElo "2140"]
[BlackElo "2011"]
[Annotator "NA"]
[PlyCount "92"]
[EventDate "2019.07.19"]
[EventType "swiss"]
[EventCountry "DEN"]
[SourceTitle "playchess.com"]
[Source "ChessBase"]
[SourceQuality "1"]

1. d4 Nc6 2. Nf3 d6 3. e4 Nf6 4. Nc3 Bg4 5. Be3 e5 6. d5 Nb8 7. h3 Bc8 8. a4 g6 9. Bb5+ Nbd7 10. a5 a6 11. Bc4 Bg7 12. Qd2 O-O 13. Bh6 Nc5 14. Bxg7 Kxg7 15. Qe3 Nh5 16. Nxe5 Re8 17. Nf3 Nxe4 18. Nxe4 Bf5 19. Bd3 Nf6 20. O-O Bxe4 21. Bxe4 Rxe4 22. Qb3 Rb8 23. Rfe1 b6 24. axb6 Rxe1+ 25. Rxe1 Rxb6 26. Qc3 Rb5 27. Qc4 Nxd5 28. Nd4 Rc5 29. Qxa6 Qf6 30. c3 Nf4 31. Re3 Rg5 32. Rg3 Rxg3 33. fxg3 Ne6 34. Nxe6+ Qxe6 35. Qc6 Qe7 36. Kh2 h5 37. Qc4 Kh7 38. b4 Kg8 39. Qd4 Kh7 40. c4 c5 41. bxc5 dxc5 42. Qd5 Kg8 43. Qc6 Qe5 44. Qf3 h4 45. Qf4 Qxf4 46. gxf4 f5 1/2-1/2

[Event "Xtracon Open 2019"]
[Site "Helsingor"]
[Date "2019.07.27"]
[Round "9.10"]
[White "Holinka, Henning"]
[Black "Rosenkilde, Alexander"]
[Result "1/2-1/2"]
[WhiteElo "2021"]
[BlackElo "2255"]
[Annotator "NA"]
[PlyCount "61"]
[EventDate "2019.07.19"]
[EventType "swiss"]
[EventCountry "DEN"]
[SourceTitle "playchess.com"]
[Source "ChessBase"]
[SourceQuality "1"]

1. e4 c5 2. Nf3 d6 3. d4 cxd4 4. Nxd4 Nf6 5. Nc3 a6 6. Bg5 e6 7. f4 Be7 8. Qf3 O-O 9. O-O-O Qc7 10. g4 b5 11. Bxf6 Bxf6 12. g5 Bxd4 13. Rxd4 Nc6 14. Rd2 b4 15. Ne2 Qa5 16. Qb3 Qc5 17. Qd3 Rd8 18. Nd4 a5 19. Nxc6 Qxc6 20. Qc4 Bb7 21. Qxc6 Bxc6 22. Bg2 Ra7 23. Rhd1 Rad7 24. f5 exf5 25. exf5 Bxg2 26. Rxg2 d5 27. Re2 Kf8 28. Re5 Rd6 29. Rde1 f6 30. gxf6 Rxf6 31. Kd2 1/2-1/2

[Event "Xtracon Open 2019"]
[Site "Helsingor"]
[Date "2019.07.27"]
[Round "9.11"]
[White "Svane, Rasmus"]
[Black "Percivaldi, Martin"]
[Result "1-0"]
[WhiteElo "2615"]
[BlackElo "2379"]
[Annotator "ChessBase"]
[PlyCount "135"]
[EventDate "2019.07.19"]
[EventType "swiss"]
[EventCountry "DEN"]
[SourceTitle "playchess.com"]
[Source "ChessBase"]
[SourceQuality "1"]

1. Nf3 d5 2. g3 Nf6 3. Bg2 e6 4. O-O Be7 5. c4 O-O 6. d4 c6 7. b3 Nbd7 8. Bb2 b6 9. Nbd2 Bb7 10. e3 Rc8 11. Rc1 c5 12. Qe2 Ba6 13. Rfd1 Qc7 14. Qd3 Qb8 15. dxc5 Nxc5 16. Qb1 Rfd8 17. Be5 Qa8 18. Ng5 h6 19. cxd5 exd5 20. Nh3 Nd3 21. Rxc8 Qxc8 22. Bd4 Nc5 23. Nf4 Bb7 24. Rc1 Qd7 25. Nf3 g5 26. Ne5 Qe8 27. Ne2 Nfe4 28. f3 Nf6 29. f4 Bd6 30. Nf3 Nce4 31. Qb2 Nh7 32. Ne5 f5 33. Rf1 g4 34. Rc1 Rc8 35. Bxe4 dxe4 36. Nc4 Bf8 37. Be5 Ba6 38. Rd1 Rd8 39. Nd4 Bxc4 40. bxc4 Bc5 41. Qe2 Qf7 42. Kg2 Rd7 43. Rh1 Qg6 44. Nb3 Be7 45. Rd1 Qe6 46. Nd4 Qf7 47. h3 gxh3+ 48. Kxh3 h5 49. Nc6 Bc5 50. Nd8 Qe8 51. Rxd7 Qxd7 52. Qxh5 Qxd8 53. Qg6+ Kf8 54. Qxf5+ Ke8 55. Qh5+ Kf8 56. Qh6+ Ke8 57. Qg6+ Kf8 58. Bg7+ Ke7 59. Qxe4+ Kf7 60. Qxh7 Qd1 61. Bd4+ Ke8 62. Qg6+ Kd8 63. Qg8+ Ke7 64. Bxc5+ bxc5 65. Qg5+ Ke8 66. Qxc5 Qh1+ 67. Kg4 Qd1+ 68. Kh4 1-0

[Event "Xtracon Open 2019"]
[Site "Helsingor"]
[Date "2019.07.27"]
[Round "9.11"]
[White "Jepson, Christian"]
[Black "Nielsen, Viktor Haarmark"]
[Result "1-0"]
[WhiteElo "2391"]
[BlackElo "2254"]
[Annotator "NA"]
[PlyCount "65"]
[EventDate "2019.07.19"]
[EventType "swiss"]
[EventCountry "DEN"]
[SourceTitle "playchess.com"]
[Source "ChessBase"]
[SourceQuality "1"]

1. c4 c5 2. Nf3 Nc6 3. d4 cxd4 4. Nxd4 Nf6 5. g3 e6 6. Bg2 Bb4+ 7. Nc3 O-O 8. O-O a6 9. Bf4 Be7 10. Rc1 Nxd4 11. Qxd4 d6 12. Qd3 h6 13. Rfd1 e5 14. Be3 Qc7 15. Nd5 Nxd5 16. Bxd5 Kh8 17. Qb3 f5 18. Bb6 Qb8 19. c5 dxc5 20. Bxc5 Bxc5 21. Rxc5 a5 22. Rdc1 Ra7 23. Be6 Bxe6 24. Qxe6 Ra6 25. Qxe5 Qxe5 26. Rxe5 Rf7 27. Rcc5 Rb6 28. Rb5 Rbf6 29. Rxa5 f4 30. f3 g5 31. Kf2 g4 32. gxf4 Rxf4 33. Re3 1-0

[Event "Xtracon Open 2019"]
[Site "Helsingor"]
[Date "2019.07.27"]
[Round "9.11"]
[White "Mardell, Jimmy"]
[Black "Mansoor, Afras"]
[Result "1-0"]
[WhiteElo "2134"]
[BlackElo "1991"]
[Annotator "NA"]
[PlyCount "57"]
[EventDate "2019.07.19"]
[EventType "swiss"]
[EventCountry "DEN"]
[SourceTitle "playchess.com"]
[Source "ChessBase"]
[SourceQuality "1"]

1. d4 Nf6 2. c4 g6 3. f3 Bg7 4. e4 d6 5. Nc3 O-O 6. Be3 a6 7. Qd2 Nbd7 8. Bd3 c5 9. Nge2 cxd4 10. Nxd4 Ne5 11. Be2 Bd7 12. O-O Rc8 13. b3 Nc6 14. Nc2 Qc7 15. Rac1 Qb8 16. Nd5 Nxd5 17. cxd5 Ne5 18. f4 Ng4 19. Bxg4 Bxg4 20. f5 gxf5 21. exf5 Bc3 22. Qf2 Bh5 23. Bh6 Rfe8 24. Qh4 Be2 25. Nd4 Bxd4+ 26. Qxd4 f6 27. Rce1 Bxf1 28. Qg4+ Kf7 29. Qg7# 1-0

[Event "Xtracon Open 2019"]
[Site "Helsingor"]
[Date "2019.07.27"]
[Round "9.11"]
[White "Kakulidis, Ellen"]
[Black "Jorgensen, Brian Jorgen"]
[Result "1-0"]
[WhiteElo "1998"]
[BlackElo "2251"]
[Annotator "NA"]
[PlyCount "93"]
[EventDate "2019.07.19"]
[EventType "swiss"]
[EventCountry "DEN"]
[SourceTitle "playchess.com"]
[Source "ChessBase"]
[SourceQuality "1"]

1. d4 f5 2. Nc3 Nf6 3. Bg5 d5 4. e3 g6 5. h4 Bg7 6. h5 Be6 7. h6 Bf8 8. Be2 Nbd7 9. Nh3 c6 10. Nf4 Bf7 11. g4 e6 12. Nd3 Qb6 13. Bf4 Be7 14. Rb1 a5 15. Ne5 O-O 16. g5 Nxe5 17. gxf6 Bxf6 18. dxe5 Be7 19. Kf1 Kh8 20. Rg1 Qd8 21. Bd3 g5 22. Bh2 Rg8 23. Bg3 Rg6 24. Rh1 Bf8 25. Be2 Rxh6 26. Rxh6 Bxh6 27. Bh5 Bg8 28. Qf3 b5 29. Qh1 Qf8 30. Bf3 Bg7 31. Ne2 c5 32. Bg2 h6 33. b3 Bh7 34. Rd1 b4 35. f4 a4 36. c4 bxc3 37. Nxc3 axb3 38. axb3 Rb8 39. Nxd5 Rxb3 40. Nf6 g4 41. Nh5 Qb8 42. Kg1 Rb1 43. Kh2 Rxd1 44. Qxd1 Bf8 45. Qd7 Bg6 46. Nf6 Qb6 47. Qc8 1-0

[Event "Xtracon Open 2019"]
[Site "Helsingor"]
[Date "2019.07.27"]
[Round "9.12"]
[White "Larsen, Karsten"]
[Black "Keinanen, Toivo"]
[Result "0-1"]
[WhiteElo "2254"]
[BlackElo "2386"]
[Annotator "NA"]
[PlyCount "68"]
[EventDate "2019.07.19"]
[EventType "swiss"]
[EventCountry "DEN"]
[SourceTitle "playchess.com"]
[Source "ChessBase"]
[SourceQuality "1"]

1. Nf3 d5 2. b3 Nf6 3. Bb2 e6 4. g3 Be7 5. Bg2 O-O 6. O-O c5 7. d3 Nc6 8. Nbd2 b5 9. a4 b4 10. Re1 Bb7 11. e4 Rc8 12. Qe2 Qc7 13. e5 Nd7 14. h4 Na5 15. Rad1 c4 16. dxc4 dxc4 17. Ne4 Bxe4 18. Qxe4 Nc5 19. Qg4 cxb3 20. cxb3 Ncxb3 21. Bf1 Rfd8 22. Bd3 Nc4 23. Qe4 g6 24. Bc1 Nc5 25. Qe2 Nxa4 26. Bxc4 Qxc4 27. Rxd8+ Bxd8 28. Qe3 Qc3 29. Qe2 b3 30. Bd2 Qc4 31. Qe3 b2 32. Qh6 Qd3 33. Ng5 Bxg5 34. Bxg5 b1=Q 0-1

[Event "Xtracon Open 2019"]
[Site "Helsingor"]
[Date "2019.07.27"]
[Round "9.12"]
[White "Jaksland, Tim"]
[Black "Klings, Peter"]
[Result "1/2-1/2"]
[WhiteElo "2230"]
[BlackElo "2105"]
[Annotator "NA"]
[PlyCount "126"]
[EventDate "2019.07.19"]
[EventType "swiss"]
[EventCountry "DEN"]
[SourceTitle "playchess.com"]
[Source "ChessBase"]
[SourceQuality "1"]

1. Nf3 Nf6 2. c4 e6 3. g3 d5 4. Bg2 Be7 5. O-O O-O 6. b3 d4 7. Bb2 c5 8. e3 Nc6 9. exd4 cxd4 10. Re1 Re8 11. d3 Bc5 12. Ne5 Nxe5 13. Rxe5 Qd6 14. Re1 Rb8 15. a3 a5 16. Nd2 b6 17. Ne4 Nxe4 18. Bxe4 Bb7 19. Qf3 Bxe4 20. Qxe4 b5 21. Bc1 e5 22. f4 f6 23. a4 bxc4 24. bxc4 Bb4 25. Rf1 Qd7 26. fxe5 Rxe5 27. Qf3 Rbe8 28. Bf4 Rf5 29. g4 Rc5 30. Ra2 Re6 31. Kg2 Qe8 32. Rff2 h5 33. h3 hxg4 34. hxg4 Rcc6 35. Rfe2 Kh8 36. Kf2 Rxe2+ 37. Rxe2 Re6 38. Qh1+ Kg8 39. Qd5 Kf7 40. Kf3 Qc6 41. Rxe6 Qxe6 42. Qxd4 Qc6+ 43. Qd5+ Qxd5+ 44. cxd5 g6 45. Ke4 Ke7 46. Kd4 Kd7 47. Kc4 Be1 48. Kc5 Bb4+ 49. Kd4 Be1 50. Ke4 Bb4 51. Be3 Ke7 52. Bd4 Bd6 53. Bc3 Bb4 54. d6+ Ke6 55. d7 f5+ 56. gxf5+ gxf5+ 57. Kf4 Bd6+ 58. Kg5 Be7+ 59. Kg6 f4 60. Bxa5 Kxd7 61. Bb6 Kc6 62. Bf2 Bc5 63. d4 Bxd4 1/2-1/2

[Event "Xtracon Open 2019"]
[Site "Helsingor"]
[Date "2019.07.27"]
[Round "9.12"]
[White "Guindy, Esmat Susanne"]
[Black "Zemlicka, Vit"]
[Result "1/2-1/2"]
[WhiteElo "2132"]
[BlackElo "1982"]
[Annotator "NA"]
[PlyCount "44"]
[EventDate "2019.07.19"]
[EventType "swiss"]
[EventCountry "DEN"]
[SourceTitle "playchess.com"]
[Source "ChessBase"]
[SourceQuality "1"]

1. d4 g6 2. c4 Bg7 3. g3 d6 4. Bg2 c5 5. Nf3 Nc6 6. d5 Na5 7. e4 a6 8. Na3 Nf6 9. Qe2 O-O 10. O-O b5 11. Nd2 Nxc4 12. Naxc4 bxc4 13. Nxc4 Nd7 14. Bd2 a5 15. Rac1 Ba6 16. b3 a4 17. f4 axb3 18. axb3 Bxc4 19. bxc4 Ra2 20. Qe1 Qa8 21. e5 Nb6 22. e6 Nd7 1/2-1/2

[Event "Xtracon Open 2019"]
[Site "Helsingor"]
[Date "2019.07.27"]
[Round "9.13"]
[White "Zude, Erik"]
[Black "Olsson, Linus"]
[Result "1/2-1/2"]
[WhiteElo "2385"]
[BlackElo "2242"]
[Annotator "NA"]
[PlyCount "100"]
[EventDate "2019.07.19"]
[EventType "swiss"]
[EventCountry "DEN"]
[SourceTitle "playchess.com"]
[Source "ChessBase"]
[SourceQuality "1"]

1. c4 g6 2. Nc3 c5 3. Nf3 Bg7 4. e3 Nf6 5. d4 cxd4 6. exd4 d5 7. cxd5 Nxd5 8. Bc4 Nxc3 9. bxc3 Qc7 10. Qe2 O-O 11. O-O Bg4 12. Bd5 e6 13. Be4 Nc6 14. h3 Bxf3 15. Qxf3 Rac8 16. Bf4 Qd7 17. Rad1 Na5 18. Be5 b6 19. h4 Qe7 20. Bxg7 Kxg7 21. h5 Qh4 22. hxg6 hxg6 23. g3 Qf6 24. Qxf6+ Kxf6 25. Rd3 Rc4 26. Re1 Rfc8 27. Ree3 R4c7 28. d5 Nc4 29. Re2 Ne5 30. Rd4 Rxc3 31. dxe6 fxe6 32. Kg2 R8c7 33. Rd8 Nd7 34. Rg8 Nc5 35. Rxg6+ Kf7 36. Rh6 Kg8 37. Rf6 Rf7 38. Rxf7 Kxf7 39. Bc2 Kf6 40. f4 b5 41. g4 a5 42. g5+ Kg7 43. f5 exf5 44. Bxf5 b4 45. Re7+ Kf8 46. Ra7 a4 47. Ra8+ Kg7 48. Ra7+ Kg8 49. Ra8+ Kg7 50. Ra7+ Kg8 1/2-1/2

[Event "Xtracon Open 2019"]
[Site "Helsingor"]
[Date "2019.07.27"]
[Round "9.13"]
[White "Nielsen, Andre"]
[Black "Dew, Brian"]
[Result "1-0"]
[WhiteElo "2229"]
[BlackElo "2094"]
[Annotator "NA"]
[PlyCount "59"]
[EventDate "2019.07.19"]
[EventType "swiss"]
[EventCountry "DEN"]
[SourceTitle "playchess.com"]
[Source "ChessBase"]
[SourceQuality "1"]

1. e4 c5 2. Nf3 d6 3. d4 cxd4 4. Nxd4 Nf6 5. Nc3 a6 6. Bg5 Nbd7 7. Bc4 Qb6 8. Bb3 e6 9. Be3 Nc5 10. f3 Be7 11. Qd2 Qc7 12. g4 b5 13. O-O-O Bd7 14. g5 Nh5 15. Kb1 Rb8 16. a3 a5 17. Nce2 b4 18. axb4 Rxb4 19. Ng3 Nxg3 20. hxg3 Qb7 21. Qc3 a4 22. Ba2 O-O 23. Bc1 a3 24. b3 Rc8 25. Qd2 Bf8 26. Rxh7 Nxb3 27. Bxb3 a2+ 28. Ka1 Rxb3 29. Nxb3 Kxh7 30. Qh2+ 1-0

[Event "Xtracon Open 2019"]
[Site "Helsingor"]
[Date "2019.07.27"]
[Round "9.13"]
[White "Thuesen, Mogens"]
[Black "Heinsohn, Michael"]
[Result "1-0"]
[WhiteElo "2111"]
[BlackElo "1959"]
[Annotator "NA"]
[PlyCount "67"]
[EventDate "2019.07.19"]
[EventType "swiss"]
[EventCountry "DEN"]
[SourceTitle "playchess.com"]
[Source "ChessBase"]
[SourceQuality "1"]

1. d4 Nf6 2. Bg5 g6 3. Bxf6 exf6 4. e3 Bg7 5. Nd2 d5 6. g3 O-O 7. Bg2 c6 8. Ne2 Bg4 9. c4 dxc4 10. Nxc4 Na6 11. Qb3 Bxe2 12. Kxe2 b5 13. Nd2 Rc8 14. Rhc1 Re8 15. Bxc6 Re7 16. Bxb5 Rb8 17. Qd3 Nb4 18. Qc4 Nd5 19. Bc6 Nb6 20. Qd3 f5 21. Kf1 Nd5 22. Qc4 Nxe3+ 23. fxe3 Rxe3 24. Nb3 Qf6 25. Kg2 Rc8 26. Rc2 f4 27. Rf1 f3+ 28. Kg1 Re2 29. Rxe2 fxe2 30. Rxf6 e1=Q+ 31. Rf1 Qe3+ 32. Kg2 Rc7 33. Qd5 Re7 34. Qf3 1-0

[Event "Xtracon Open 2019"]
[Site "Helsingor"]
[Date "2019.07.27"]
[Round "9.14"]
[White "Matthiesen, Martin"]
[Black "Sawatzki, Frank"]
[Result "0-1"]
[WhiteElo "2239"]
[BlackElo "2385"]
[Annotator "NA"]
[PlyCount "60"]
[EventDate "2019.07.19"]
[EventType "swiss"]
[EventCountry "DEN"]
[SourceTitle "playchess.com"]
[Source "ChessBase"]
[SourceQuality "1"]

1. d4 d5 2. c4 c6 3. Nf3 Nf6 4. Nc3 dxc4 5. a4 Bf5 6. Ne5 Nbd7 7. Nxc4 Nb6 8. Ne3 Bc8 9. a5 Nbd7 10. g3 e6 11. Bg2 Be7 12. Nc4 Nd5 13. e4 Nb4 14. O-O O-O 15. d5 e5 16. d6 Bf6 17. Be3 Re8 18. Qa4 Na6 19. b4 Nf8 20. b5 cxb5 21. Qxb5 Bd7 22. Qxb7 Qc8 23. Qb3 Rb8 24. Qa2 Rb4 25. Nd5 Rxc4 26. Bxa7 Nb4 27. Nxb4 Rxb4 28. Rfc1 Qa8 29. Qd2 Rb5 30. Rc7 Bd8 0-1

[Event "Xtracon Open 2019"]
[Site "Helsingor"]
[Date "2019.07.27"]
[Round "9.14"]
[White "Poulsen, Klaus E."]
[Black "Nilsson, Patrik"]
[Result "0-1"]
[WhiteElo "2095"]
[BlackElo "2223"]
[Annotator "NA"]
[PlyCount "64"]
[EventDate "2019.07.19"]
[EventType "swiss"]
[EventCountry "DEN"]
[SourceTitle "playchess.com"]
[Source "ChessBase"]
[SourceQuality "1"]

1. e4 e5 2. d4 exd4 3. Qxd4 Nc6 4. Qe3 Nf6 5. Nc3 Bb4 6. Bd2 O-O 7. O-O-O Re8 8. Qg3 Rxe4 9. Nxe4 Nxe4 10. Qd3 Nxf2 11. Qf3 Bxd2+ 12. Rxd2 Nxh1 13. g3 Qf6 14. Qxf6 gxf6 15. Bg2 Nxg3 16. hxg3 d6 17. Ne2 Bg4 18. Nf4 Kg7 19. b3 Rd8 20. a3 Rd7 21. Nd5 Nd8 22. Rf2 f5 23. Rf4 c6 24. Ne3 Ne6 25. Ra4 a6 26. Nxg4 fxg4 27. Rxg4+ Kf8 28. Rh4 Ng5 29. Kd2 d5 30. Ke3 Kg7 31. Bf1 Re7+ 32. Kd4 Nf3+ 0-1

[Event "Xtracon Open 2019"]
[Site "Helsingor"]
[Date "2019.07.27"]
[Round "9.14"]
[White "Henningsen, Lasse"]
[Black "Schmidt, Kristen"]
[Result "0-1"]
[WhiteElo "1963"]
[BlackElo "2225"]
[Annotator "NA"]
[PlyCount "119"]
[EventDate "2019.07.19"]
[EventType "swiss"]
[EventCountry "DEN"]
[SourceTitle "playchess.com"]
[Source "ChessBase"]
[SourceQuality "1"]

1. d4 Nf6 2. c4 g6 3. Nc3 Bg7 4. e4 d6 5. Nf3 O-O 6. Be2 Nbd7 7. O-O e5 8. d5 Nc5 9. Qc2 a5 10. b3 Nh5 11. Re1 Nf4 12. Bf1 f5 13. Nd2 Bd7 14. f3 Bh6 15. g3 Nh5 16. Bg2 Qe7 17. Bb2 Rf7 18. Re2 Nf6 19. a3 a4 20. b4 Bxd2 21. bxc5 Bh6 22. cxd6 cxd6 23. Nb5 fxe4 24. fxe4 Bxb5 25. cxb5 Qd8 26. Bh3 Qb6+ 27. Kh1 Rc7 28. Qd3 Rc5 29. Rf1 Rf8 30. Ref2 Kg7 31. Bc3 Qc7 32. Bb4 Rc1 33. Rxc1 Qxc1+ 34. Rf1 Qc7 35. Qe2 Qe7 36. Qc4 Be3 37. Qd3 Bg5 38. Qc2 h5 39. Rf3 Qd8 40. Rc3 Qb6 41. Qe2 Rf7 42. Rc2 Rc7 43. Rxc7+ Qxc7 44. Qd3 Kf8 45. Kg2 Ke7 46. Kf3 Bc1 47. Ke2 Bg5 48. Be1 Qc1 49. Bf2 Qb2+ 50. Kf1 Qb3 51. Ke2 Bc1 52. Bc8 Bxa3 53. Bxb7 Qb2+ 54. Kf1 Ng4 55. Bg1 Bc5 56. Bxc5 dxc5 57. d6+ Kd8 58. Qe2 a3 59. Bd5 c4 60. h3 0-1

[Event "Xtracon Open 2019"]
[Site "Helsingor"]
[Date "2019.07.27"]
[Round "9.15"]
[White "Andre, Gordon"]
[Black "Hinrichs, Lars"]
[Result "1-0"]
[WhiteElo "2381"]
[BlackElo "2234"]
[Annotator "NA"]
[PlyCount "227"]
[EventDate "2019.07.19"]
[EventType "swiss"]
[EventCountry "DEN"]
[SourceTitle "playchess.com"]
[Source "ChessBase"]
[SourceQuality "1"]

1. d4 d6 2. e4 Nf6 3. Nc3 e5 4. Nf3 Nbd7 5. Bc4 Be7 6. a4 O-O 7. a5 exd4 8. Qxd4 Nc5 9. h3 c6 10. O-O Ncxe4 11. Nxe4 Nxe4 12. Qxe4 d5 13. Bxd5 cxd5 14. Qd3 Qc7 15. c3 Be6 16. Re1 Rfe8 17. Be3 a6 18. Bb6 Qf4 19. Rad1 Rac8 20. Bd4 Bd8 21. Ra1 Bd7 22. Be5 Qc4 23. Qd2 Rc6 24. Bd4 Rce6 25. Rxe6 Bxe6 26. Re1 Qa4 27. b4 Bf5 28. Rxe8+ Qxe8 29. Qf4 Qd7 30. Bb6 Bf6 31. Bd4 Bd8 32. Bb6 Bf6 33. g4 Be6 34. Bd4 Bd8 35. Bb6 Be7 36. Bc5 Bd8 37. Bb6 Be7 38. Ne5 Qa4 39. Bd4 Bd6 40. Qe3 Qd1+ 41. Kg2 Qc2 42. Nd3 h6 43. Bc5 Bc7 44. Bd4 Bd6 45. Be5 Be7 46. Nf4 Bd7 47. Bxg7 Bg5 48. Bd4 Bxf4 49. Qxf4 Qe4+ 50. Kg3 Qxf4+ 51. Kxf4 Bc6 52. h4 Kh7 53. h5 Bd7 54. Bf6 Bb5 55. Ke3 Bd7 56. Kf4 Bb5 57. Be7 Be2 58. Bf8 Bd1 59. Kf5 Be2 60. Bc5 Kg7 61. Bd4+ Kh7 62. Be3 Bd1 63. g5 hxg5 64. Kxg5 Be2 65. h6 Bb5 66. Kf6 Kg8 67. Bf4 Bd7 68. Bg5 Bb5 69. Bf4 Bd7 70. Be3 Bb5 71. Bd2 Bd7 72. Bc1 Bb5 73. Bd2 Bd7 74. Ke7 Bb5 75. f4 Bd3 76. Kd6 f5 77. Be3 Kh7 78. Kc7 Kxh6 79. Kxb7 Bb5 80. Kb6 Kg6 81. Kc5 Bc4 82. b5 Bxb5 83. Kxd5 Bd3 84. c4 Kf6 85. c5 Ke7 86. Kc6 Kd8 87. Kb7 Be4+ 88. Kxa6 Kc7 89. Kb5 Bd3+ 90. Kb4 Kc6 91. Kc3 Be4 92. Kd4 Kb5 93. Bd2 Kc6 94. Kc4 Bf3 95. Be1 Be2+ 96. Kd4 Ba6 97. Bh4 Be2 98. Bd8 Bf1 99. Bb6 Kb5 100. Ke5 Bd3 101. Kd6 Be4 102. Bd8 Bb7 103. Bc7 Be4 104. Bb6 Bf3 105. Bd8 Bb7 106. Bh4 Be4 107. Be1 Bb7 108. Bd2 Be4 109. Bc3 Bb7 110. Bd4 Bc8 111. c6 Kxa5 112. Kc7 Be6 113. Kb8 Kb5 114. c7 1-0

[Event "Xtracon Open 2019"]
[Site "Helsingor"]
[Date "2019.07.27"]
[Round "9.15"]
[White "Tolhuizen, Ludo"]
[Black "Hilbenz, Guntram"]
[Result "1-0"]
[WhiteElo "2090"]
[BlackElo "1845"]
[Annotator "NA"]
[PlyCount "73"]
[EventDate "2019.07.19"]
[EventType "swiss"]
[EventCountry "DEN"]
[SourceTitle "playchess.com"]
[Source "ChessBase"]
[SourceQuality "1"]

1. Nf3 d5 2. c4 c6 3. e3 Nf6 4. Nc3 a6 5. d4 dxc4 6. Bxc4 b5 7. Bd3 Bb7 8. e4 e6 9. O-O Nbd7 10. e5 Nd5 11. Nxd5 cxd5 12. Ng5 Be7 13. Qg4 g6 14. Be3 h5 15. Qg3 Nf8 16. Rac1 h4 17. Qg4 Bc8 18. Rc2 Rh5 19. Nh3 Bd7 20. Rfc1 Rc8 21. Rxc8 Bxc8 22. Nf4 Rg5 23. Qe2 f5 24. h3 Kf7 25. Qc2 Bd7 26. Qc7 Qxc7 27. Rxc7 Ke8 28. Be2 Kd8 29. Rc1 Nh7 30. Nd3 f4 31. Nxf4 Rf5 32. Bd3 g5 33. Bxf5 gxf4 34. Bxh7 fxe3 35. fxe3 Bg5 36. Kf2 Be8 37. Bd3 1-0

[Event "Xtracon Open 2019"]
[Site "Helsingor"]
[Date "2019.07.27"]
[Round "9.15"]
[White "Ashwin, Hariharan"]
[Black "Schwarz, Frank"]
[Result "0-1"]
[WhiteElo "1881"]
[BlackElo "2224"]
[Annotator "NA"]
[PlyCount "78"]
[EventDate "2019.07.19"]
[EventType "swiss"]
[EventCountry "DEN"]
[SourceTitle "playchess.com"]
[Source "ChessBase"]
[SourceQuality "1"]

1. e4 e6 2. d4 d5 3. Bd3 Nf6 4. e5 Nfd7 5. Nf3 c5 6. c3 Be7 7. O-O Nc6 8. Bc2 a6 9. a3 Nf8 10. g3 g5 11. Be3 b6 12. Ne1 h5 13. Ng2 Ng6 14. f4 g4 15. Nd2 Bf8 16. f5 exf5 17. Bxf5 Bxf5 18. Rxf5 Qd7 19. Rf2 Bh6 20. Qe2 Bxe3 21. Qxe3 cxd4 22. cxd4 O-O-O 23. Rc1 Rde8 24. Nb1 Kb7 25. Nf4 Nge7 26. Nc3 Nf5 27. Qd3 Nfxd4 28. Ncxd5 Rxe5 29. Nf6 Qe7 30. N6d5 Qd6 31. Nc3 Rd8 32. Rd1 Qc5 33. Kg2 Nf5 34. Qxd8 Nxd8 35. Rxd8 Qc6+ 36. Nfd5 Rxd5 37. Nxd5 Ne3+ 38. Kg1 Qc1+ 39. Rf1 Qxf1# 0-1

[Event "Xtracon Open 2019"]
[Site "Helsingor"]
[Date "2019.07.27"]
[Round "9.16"]
[White "Pantzar, Milton"]
[Black "Weber, Samuel"]
[Result "1/2-1/2"]
[WhiteElo "2357"]
[BlackElo "2203"]
[Annotator "NA"]
[PlyCount "90"]
[EventDate "2019.07.19"]
[EventType "swiss"]
[EventCountry "DEN"]
[SourceTitle "playchess.com"]
[Source "ChessBase"]
[SourceQuality "1"]

1. d4 Nf6 2. c4 e6 3. Nc3 Bb4 4. e3 Bxc3+ 5. bxc3 d6 6. Bd3 e5 7. e4 c5 8. d5 Nbd7 9. Ne2 Nf8 10. h4 h6 11. f3 Qc7 12. Be3 Ng6 13. g4 h5 14. g5 Ng8 15. Qd2 N8e7 16. Ng3 Bd7 17. Rb1 O-O-O 18. Nf5 Nxf5 19. exf5 Ne7 20. f6 Nf5 21. fxg7 Rhg8 22. Bf2 Rxg7 23. Qc2 Ne7 24. Kd2 Rf8 25. Be4 f5 26. gxf6 Rxf6 27. Rhg1 Rgf7 28. Be3 Bf5 29. Qa4 Kb8 30. Qe8+ Qc8 31. Qxc8+ Kxc8 32. Rg5 Bxe4 33. fxe4 Rh7 34. Rbg1 Rff7 35. Ke2 b6 36. R5g2 Kb7 37. a4 a5 38. Rf1 Rxf1 39. Kxf1 Rf7+ 40. Ke2 Kc8 41. Rg5 Rh7 42. Rg1 Rf7 43. Rg5 Rh7 44. Rg1 Rf7 45. Rg5 Rh7 1/2-1/2

[Event "Xtracon Open 2019"]
[Site "Helsingor"]
[Date "2019.07.27"]
[Round "9.16"]
[White "Andersen, Morten"]
[Black "AIM Tolgay Pekin"]
[Result "1-0"]
[WhiteElo "2212"]
[BlackElo "2070"]
[Annotator "NA"]
[PlyCount "67"]
[EventDate "2019.07.19"]
[EventType "swiss"]
[EventCountry "DEN"]
[SourceTitle "playchess.com"]
[Source "ChessBase"]
[SourceQuality "1"]

1. c4 e5 2. g3 Nc6 3. Nc3 Bc5 4. Bg2 a6 5. Nf3 d6 6. O-O Nf6 7. a3 Ba7 8. b4 O-O 9. d3 Bg4 10. Bg5 h6 11. Bh4 Bxf3 12. Bxf6 Qxf6 13. Bxf3 Rab8 14. Rc1 Nd4 15. Bg2 Qe7 16. e3 Ne6 17. a4 Qd7 18. a5 f5 19. Bd5 Kh8 20. b5 Ng5 21. Rb1 b6 22. axb6 Bxb6 23. bxa6 f4 24. Rxb6 cxb6 25. h4 Nh3+ 26. Kg2 g5 27. Qh5 Kg7 28. Be4 Qe6 29. g4 fxe3 30. Kxh3 Rxf2 31. Rg1 Qf6 32. hxg5 Qxg5 33. a7 Rbf8 34. Qxg5+ 1-0

[Event "Xtracon Open 2019"]
[Site "Helsingor"]
[Date "2019.07.27"]
[Round "9.16"]
[White "AIM Joerg Mehringer"]
[Black "Thaler, Toni"]
[Result "1/2-1/2"]
[WhiteElo "1923"]
[BlackElo "2070"]
[Annotator "NA"]
[PlyCount "59"]
[EventDate "2019.07.19"]
[EventType "swiss"]
[EventCountry "DEN"]
[SourceTitle "playchess.com"]
[Source "ChessBase"]
[SourceQuality "1"]

1. e4 c5 2. g3 g6 3. Bg2 Bg7 4. Ne2 Nc6 5. O-O e6 6. c3 Nge7 7. d4 cxd4 8. cxd4 d5 9. e5 f6 10. exf6 Bxf6 11. Nbc3 Nf5 12. Be3 O-O 13. Qd2 Bd7 14. Bh3 Nd6 15. b3 b5 16. Rac1 Qe7 17. f3 Rfc8 18. Nf4 Qf7 19. Nce2 Ne7 20. Nd3 Nef5 21. Bf2 a5 22. Nc5 b4 23. Nxd7 Qxd7 24. Rxc8+ Rxc8 25. Rc1 Nb5 26. Bxf5 exf5 27. Kg2 Rc6 28. Rxc6 Qxc6 29. Be3 Kf7 30. Kf2 1/2-1/2

[Event "Xtracon Open 2019"]
[Site "Helsingor"]
[Date "2019.07.27"]
[Round "9.17"]
[White "Vaishali R"]
[Black "Van den Bersselaar, Jeroen"]
[Result "1-0"]
[WhiteElo "2344"]
[BlackElo "2161"]
[Annotator "NA"]
[PlyCount "89"]
[EventDate "2019.07.19"]
[EventType "swiss"]
[EventCountry "DEN"]
[SourceTitle "playchess.com"]
[Source "ChessBase"]
[SourceQuality "1"]

1. e4 c6 2. Nf3 d5 3. exd5 cxd5 4. Ne5 Nf6 5. d4 g6 6. c3 Bg7 7. Bd3 Qc7 8. O-O Nc6 9. Qe2 O-O 10. Nd2 Bf5 11. Bxf5 gxf5 12. Ndf3 e6 13. Bf4 Nh5 14. Bd2 Nf6 15. Rad1 Ne7 16. Bf4 Qa5 17. Bg5 Qc7 18. Bxf6 Bxf6 19. Qe3 Bg7 20. Rfe1 Rae8 21. Ng5 Nc8 22. Nd3 Nd6 23. Nf4 Nc4 24. Qc1 h6 25. Nf3 Kh7 26. Nh5 Rg8 27. Rd3 Bh8 28. b3 Nd6 29. Ne5 f6 30. Rh3 Rg5 31. Nf3 Rg6 32. Nf4 Qf7 33. Nxg6 Qxg6 34. Rg3 Qf7 35. Rh3 Bg7 36. Nd2 f4 37. c4 Rc8 38. Qb1+ Kg8 39. cxd5 exd5 40. Rf3 Qc7 41. Qd1 Nb5 42. Nf1 f5 43. Qd2 Nxd4 44. Rxf4 Qf7 45. Rxd4 1-0